<?xml version="1.0" encoding="UTF-8"?>
<record
    xmlns:xsi="http://www.w3.org/2001/XMLSchema-instance"
    xsi:schemaLocation="http://www.loc.gov/MARC21/slim http://www.loc.gov/standards/marcxml/schema/MARC21slim.xsd"
    xmlns="http://www.loc.gov/MARC21/slim">

  <leader>01032naa a22002657a 4500</leader>
  <controlfield tag="001">BR8800497</controlfield>
  <controlfield tag="003">BR-BrBNA</controlfield>
  <controlfield tag="005">20250721154549.0</controlfield>
  <controlfield tag="007">ta</controlfield>
  <controlfield tag="008">250630b bl.|||m| |||| 00| 0 por d</controlfield>
  <datafield tag="040" ind1=" " ind2=" ">
    <subfield code="a">BR-BrBNA</subfield>
    <subfield code="b">por</subfield>
    <subfield code="c">Biblioteca Nacional de Agricultura</subfield>
  </datafield>
  <datafield tag="041" ind1=" " ind2=" ">
    <subfield code="a">(Pt)</subfield>
  </datafield>
  <datafield tag="072" ind1=" " ind2=" ">
    <subfield code="a">H60</subfield>
  </datafield>
  <datafield tag="090" ind1=" " ind2=" ">
    <subfield code="a">H60 BR8800497</subfield>
  </datafield>
  <datafield tag="100" ind1="1" ind2=" ">
    <subfield code="a">Pitelli, R.A.</subfield>
  </datafield>
  <datafield tag="111" ind1="1" ind2=" ">
    <subfield code="a">Seminario Herbicidas em Reflorestamento</subfield>
    <subfield code="c">Piracicaba, SP (Brazil)</subfield>
    <subfield code="d">1-3 Jul 1986</subfield>
  </datafield>
  <datafield tag="245" ind1="1" ind2=" ">
    <subfield code="a">Competicao e controle das plantas daninhas em areas agricolas</subfield>
  </datafield>
  <datafield tag="500" ind1=" " ind2=" ">
    <subfield code="a">Anais do Seminario Herbicidas em Reflorestamento
Piracicaba, SP (Brasil): 1987. p. 1-24 [10 ref.]
(BR8800497-AMS)
</subfield>
  </datafield>
  <datafield tag="773" ind1="0" ind2=" ">
    <subfield code="t">Anais do Seminario Herbicidas em Reflorestamento</subfield>
    <subfield code="w">H60 BR8800497</subfield>
    <subfield code="g">Piracicaba, SP (Brasil), 1987. p. 1-24</subfield>
  </datafield>
  <datafield tag="650" ind1=" " ind2=" ">
    <subfield code="a">ERVA DANINHA</subfield>
  </datafield>
  <datafield tag="650" ind1=" " ind2=" ">
    <subfield code="a">CONTROLE MECANICO</subfield>
  </datafield>
  <datafield tag="490" ind1=" " ind2=" ">
    <subfield code="a">Serie Tecnica - Instituto de Pesquisas e Estudos Florestais (Brazil)</subfield>
    <subfield code="v">v. 4(12)</subfield>
    <subfield code="x">ISSN 0100-8137</subfield>
  </datafield>
  <datafield tag="942" ind1=" " ind2=" ">
    <subfield code="c">AMS</subfield>
    <subfield code="2">AGRIS</subfield>
  </datafield>
  <datafield tag="909" ind1=" " ind2=" ">
    <subfield code="a">202506</subfield>
    <subfield code="b">L&#xFA;cia</subfield>
    <subfield code="c">55</subfield>
    <subfield code="d">L&#xFA;cia Elande</subfield>
  </datafield>
  <datafield tag="999" ind1=" " ind2=" ">
    <subfield code="c">335678</subfield>
    <subfield code="d">335678</subfield>
  </datafield>
  <datafield tag="952" ind1=" " ind2=" ">
    <subfield code="0">0</subfield>
    <subfield code="2">AGRIS</subfield>
    <subfield code="4">0</subfield>
    <subfield code="7">0</subfield>
    <subfield code="8">AGROBASE</subfield>
    <subfield code="a">41918</subfield>
    <subfield code="b">41918</subfield>
    <subfield code="l">0</subfield>
    <subfield code="r">2025-06-30</subfield>
    <subfield code="t">01</subfield>
    <subfield code="y">AMS</subfield>
    <subfield code="1">0</subfield>
    <subfield code="d">2025-06-30</subfield>
    <subfield code="e">Portaria Interministerial n&#xBA; 164/94</subfield>
  </datafield>
</record>
